| 000 | 00713nam a22002057a 4500 | ||
|---|---|---|---|
| 005 | 20100814140739.0 | ||
| 010 | _aENG-100230 | ||
| 020 | _c170.00 | ||
| 035 | _aEN-83762 | ||
| 037 | _bDABD/Author | ||
| 082 | _a658.3 | ||
| 100 |
_aVijaya Banu, P. _914227 |
||
| 245 |
_aPersonnel management & human resources / _cby P.Vijaya Banu |
||
| 260 |
_aKumbakonam _bAngel offset _c2006 |
||
| 270 |
_a21-B, Mothilal Street, _bKumbakonam |
||
| 300 |
_a102p. _c25cm (pbk) |
||
| 650 |
_aPersonal Management _914228 |
||
| 942 |
_2ddc _cEN _h658.3 _mVIJ |
||
| 999 |
_c41903 _d41903 |
||